DEMOCRACY RULES! Democratic Countries - Sudden Death - Statistics

General Stats
  • This quiz has been taken 40 times
  • The average score is 12 of 16
Answers on the Grid
Answers color-coded by a green-red scale on the quiz's grid according to % correct below.
Israel
Saudi Arabia
Kazakhstan
Switzerland
Afghanistan
Mexico
Panama
Germany
Vietnam
Laos
Canada
Bangladesh
South Africa
United Arab of Emirates
Russia
Belarus
Spain
Brunei
Pakistan
France
Poland
China
Italy
Iran
Serbia
Algeria
Mongolia
Japan
Democratic Republic of the Congo
India
North Korea
Fiji
 
Answer Stats
Answer % Correct
Democracy Germany
92%
Democracy Canada
88%
Democracy Mexico
88%
Democracy France
84%
Democracy Israel
84%
Democracy Spain
84%
Democracy Switzerland
84%
Democracy Italy
80%
Democracy Japan
80%
Democracy India
68%
Democracy South Africa
68%
Democracy Poland
64%
Democracy Panama
52%
Democracy Mongolia
48%
Democracy Serbia
48%
Democracy Fiji
44%
No matching quizzes found
Score Distribution
Percent of People with Each Score
Percentile by Number Answered
Your Score History
You have not taken this quiz